La regulación económica : (Registro nro. 5371)
[ vista simple ]
| 000 -LEADER | |
|---|---|
| fixed length control field | 01148nam a2200301Ia 4500 |
| 003 - CONTROL NUMBER IDENTIFIER | |
| control field | OSt |
| 005 - DATE AND TIME OF LATEST TRANSACTION | |
| control field | 20200617130930.0 |
| 008 - FIXED-LENGTH DATA ELEMENTS--GENERAL INFORMATION | |
| fixed length control field | 191128s2004 ck fr 000 0 spa d |
| 020 ## - INTERNATIONAL STANDARD BOOK NUMBER | |
| International Standard Book Number | 9588225280 |
| 040 ## - CATALOGING SOURCE | |
| Original cataloging agency | CO-JMCR |
| Transcribing agency | CO-JMCR |
| 041 0# - LANGUAGE CODE | |
| Language code of text/sound track or separate title | spa |
| 082 04 - DEWEY DECIMAL CLASSIFICATION NUMBER | |
| Classification number | 330.04 / |
| Item number | L789r |
| Edition number | 23 |
| 100 1# - MAIN ENTRY--PERSONAL NAME | |
| Personal name | Lizarazo Rodríguez, Liliana, |
| Relator term | editora |
| 9 (RLIN) | 5712 |
| 245 13 - TITLE STATEMENT | |
| Title | La regulación económica : |
| Remainder of title | tendencias y desafíos / |
| Statement of responsibility, etc. | Liliana Lizarazo Rodríguez y Marcela Anzola Gil editoras académicas |
| 250 ## - EDITION STATEMENT | |
| Edition statement | Primera edición |
| 260 ## - PUBLICATION, DISTRIBUTION, ETC. | |
| Place of publication, distribution, etc. | Bogotá : |
| Name of publisher, distributor, etc. | Universidad del Rosario, |
| Date of publication, distribution, etc. | 2004 |
| 300 ## - PHYSICAL DESCRIPTION | |
| Extent | 376 páginas ; |
| Dimensions | 24 cm. |
| 490 0# - SERIES STATEMENT | |
| Series statement | Textos de jurisprudencia |
| 504 ## - BIBLIOGRAPHY, ETC. NOTE | |
| Bibliography, etc. note | Bibliografía: páginas 372-375 |
| 505 0# - FORMATTED CONTENTS NOTE | |
| Formatted contents note | Conceptos y temas centrales de la regulación económica -- La regulación en diferentes sectores de la economía |
| 650 14 - SUBJECT ADDED ENTRY--TOPICAL TERM | |
| Topical term or geographic name entry element | Regulación economica |
| 9 (RLIN) | 5713 |
| 650 14 - SUBJECT ADDED ENTRY--TOPICAL TERM | |
| Topical term or geographic name entry element | Competencia económica |
| 9 (RLIN) | 4890 |
| 650 14 - SUBJECT ADDED ENTRY--TOPICAL TERM | |
| Topical term or geographic name entry element | Servicios públicos |
| Geographic subdivision | Colombia |
| 9 (RLIN) | 5714 |
| 650 14 - SUBJECT ADDED ENTRY--TOPICAL TERM | |
| Topical term or geographic name entry element | Control de precios |
| Geographic subdivision | Colombia |
| 9 (RLIN) | 5715 |
| 650 14 - SUBJECT ADDED ENTRY--TOPICAL TERM | |
| Topical term or geographic name entry element | Regulación del comercio |
| 9 (RLIN) | 5716 |
| 700 1# - ADDED ENTRY--PERSONAL NAME | |
| Personal name | Anzola Gil, Marcela, |
| Relator term | editora |
| 9 (RLIN) | 5717 |
| 942 ## - ADDED ENTRY ELEMENTS (KOHA) | |
| Source of classification or shelving scheme | Dewey Decimal Classification |
| Koha item type | Books |
| Withdrawn status | Lost status | Source of classification or shelving scheme | Damaged status | Not for loan | Collection code | Home library | Current library | Date acquired | Source of acquisition | Cost, normal purchase price | Total Checkouts | Full call number | Barcode | Date last seen | Copy number | Koha item type |
|---|---|---|---|---|---|---|---|---|---|---|---|---|---|---|---|---|
| Dewey Decimal Classification | Non-fiction | Biblioteca Pública José María del Castillo y Rada | Biblioteca Pública José María del Castillo y Rada | 04/15/2018 | Donación | 0.00 | 330.04 / L789r | 430001771 | 05/16/2024 | Ej.1 | Books |